000 01104nam a2200313 a 4500
001 000113411
003 CHAP
005 20220329144353.0
008 170619s2003 sp a |r| |||1|||spa d
010 _a109872
011 _a110844
020 _a9788487480317
040 _cCHAP
082 0 4 _a615.19002
_bL5 2003
100 0 0 _aLiñán Vicente, Carlos de
_967023
245 1 0 _aFarmacología vegetal :
_bcompendium de las sustancias activas, insectos y ácaros utilizados en la prevención y control de plagas, enfermedades y plantas no deseadas así como en la regulación de la fisiología de los vegetales cultivados /
_cpor Carlos de Liñán Vicente.
250 _a3 ed.
260 _aMadrid :
_bEdiciones Agrotécnicas,
_c2003.
300 _ax, 1270 p :
_bil.
590 _aE6096MTM
_b05
_c20170619
_lUCH01
_h1438
650 1 4 _aControl de insectos.
_927592
650 1 4 _aControl de plagas.
_927595
650 1 4 _aFarmacología.
_939762
650 1 4 _aMalas hierbas
_xControl.
_970011
650 1 4 _aPesticidas
_xEfectos fisiológicos.
_987555
901 _aBK
942 _cLIBRO
942 _n0
999 _c109872
_d109872